00743nam a2200205 i 450000100060000000300090000600500170001500700030003200800410003524501220007626000330019830000200023160000550025165000140030670000520032085200210037294200080039399900170040195201190041857143ES-MaACL20250928103351.0t|031015s1905 sp |||| |bspa d00aDocumentos para biografía de D. Pedro Calderón de la Barca / crecogidos y anotados por Cristobal Pérez Pastor. aMadrid : bFortanet, c1905. a1 v. ; c24 cm.14aCalderón de la Barca, Pedro, d1600-1681923959414a 92395481 aPérez Pastor, Cristóbal, d1833-1908991076 aES-MaACLjB-4726 2udc c57143d57143 00104070aATENEOMbATENEOMcSPBd2008-01-17eSCl0oB-4726p1059999r2023-02-23 00:00:00w2023-02-23yMONOGRAFIA